000 00634nam a2200193Ia 4500
003 GCL
008 140319s9999 xx 000 0 ara d
040 _aGCL /
_cGCL
082 0 4 _a323.44
_bس ح
100 1 _aكمال عبد الرؤوف
245 1 0 _aحرية التعبير فى مجتمع مفتوح /
_cكمال عبد الرؤوف
700 1 _aسموللان، ا0 رودنى
300 _a587 ص
490 _aالهيئة العامة للاستعلامات
_v0
650 0 4 _aالثقافة
650 0 4 _aحرية التعبير
650 0 4 _aحرية التعبير- الولايات المتحدة
942 _2ddc
_cBK
999 _c48155
_d48155